000 01752nam a2200397 a 4500
001 ebr10582904
003 CaPaEBR
006 m u
007 cr cn|||||||||
008 120222s2012 cauab sb 001 0 eng d
010 _z 2012005111
020 _z9780520271128 (pbk. alk. paper)
020 _z9780520953789 (e-book)
040 _aCaPaEBR
_cCaPaEBR
035 _a(OCoLC)808341833
043 _acc-----
_an-us---
_anwht---
050 1 4 _aF2191.B55
_bJ65 2012eb
082 0 4 _a305.896/969729
_223
100 1 _aJohnson, Sara E.
_q(Sara Elizabeth)
245 1 4 _aThe fear of French negroes
_h[electronic resource] :
_btranscolonial collaboration in the revolutionary Americas /
_cSara E. Johnson.
260 _aBerkeley :
_bUniversity of California Press,
_c2012.
300 _axxii, 289 p. :
_bill., maps.
490 1 _aFlashpoints ;
_v12
504 _aIncludes bibliographical references and index.
533 _aElectronic reproduction.
_bPalo Alto, Calif. :
_cebrary,
_d2011.
_nAvailable via World Wide Web.
_nAccess may be limited to ebrary affiliated libraries.
650 0 _aBlacks
_zCaribbean Area
_xHistory
_y19th century.
650 0 _aBlacks
_zGulf Coast (U.S.)
_xHistory
_y19th century.
650 0 _aBlacks
_xRace identity
_zCaribbean Area
_xHistory
_y19th century.
650 0 _aBlacks
_xRace identity
_zGulf Coast (U.S.)
_xHistory
_y19th century.
650 0 _aBlacks
_xMigrations
_xHistory
_y19th century.
651 0 _aHaiti
_xHistory
_yRevolution, 1791-1804
_xInfluence.
655 7 _aElectronic books.
_2local
710 2 _aebrary, Inc.
830 0 _aFlashpoints (Berkeley, Calif.) ;
_v12.
856 4 0 _uhttp://site.ebrary.com/lib/rucke/Doc?id=10582904
_zAn electronic book accessible through the World Wide Web; click to view
999 _c83393
_d83393